Estudios sobre discriminación y xenofobia. Tomo II /

Guardado en:
Autor Principal: Slonimsqui, Pablo
Formato: Libro
Idioma:Spanish
Publicado: Buenos Aires : Fabián J. Di Plácido, 2005.
Edición:1a. ed.
Materias:
Etiquetas: Agregar Etiqueta
Sin Etiquetas, Sea el primero en etiquetar este registro!
LEADER 00490nam a22001575a 4500
001 DER.der003708
008 180615s2005####ag#||||||||||||||#||spa||
005 20250714170742.0
245 1 0 |a Estudios sobre discriminación y xenofobia.  |n Tomo II /  |c Pablo Slonimsqui. 
250 |a 1a. ed. 
260 |a Buenos Aires :  |b Fabián J. Di Plácido,  |c 2005. 
300 |a 202 p. 
020 |a 9879382579 
100 1 |a Slonimsqui, Pablo 
650 7 |a DERECHO PENAL 
859 |a DERECHO  |b BIB. DERECHO  |h 345  |i SLO  |p 005282  |3 Tomo II